004830000a2200157000450024500970000065000180009765000130011565000280012865000130015665100150016965300320018404100140021670000200023010000280025077300470027810aPatrones de competencia intraespecifica en hormigas Ectatomma ruidum (Formicidae: Ponerinae)14aEntomología14aHormigas14aCompetencia biológica14aForrajeo 4pCosta Rica fEctatommaeEctatomma ruidum0 aEspañol1 aWindsor, Donald1 aAmat García, Germán1 tUniversitas Scientiariumh1q5763d1994g2